00824cam a22002411 4500001000400000003000800004005001700012008003900029035001700068035001900085040004000104041000800144082002800152100006600180245005800246260004200304300003900346490005200385500003100437505004800468650003600516650003000552896BD-RjUL20211208233238.0111323s1939 xx 000 0 eng a(BD-RjUL)918 a(OCoLC)1435510 aDLCcFJdOCoLCdDLCd(BD-RjUL)beng aeng04219a 026.947 bSAL 19391 aSayers, W. C. Berwickq(William Charles Berwick),d1881-1960.10aLibrary local collections /cby W. C. Berwick Sayers. aLondon,bG. Allen & Unwin, ltd.c1939 a128 p. :billus., plates ;c19 cm.0 aHalf-title: Practical library handbooks,vno. 7 a"First published in 1939."0 a"Useful books and articles": pj. [111]-123. 0aLibrariesxSpecial collections. 0aLibrarieszGreat Britain.